| Tag |
First Indicator |
Second Indicator |
Subfields |
| LEADER |
00000cam a2200000 4500 |
| 001 |
in00000044050 |
| 005 |
20151007065106.0 |
| 008 |
750813s1931 enka 00000 eng |
| 010 |
|
|
|a 31029977
|
| 035 |
|
|
|a (OCoLC)01544534
|
| 035 |
|
|
|9 AAE1264AM
|
| 040 |
|
|
|a DLC
|c FQG
|d CHS
|d TXA
|d UtOrBLW
|
| 049 |
|
|
|a TXAM
|c [239759]
|
| 050 |
0 |
0 |
|a QE565
|b .G3
|
| 082 |
0 |
|
|a 551.96
|
| 092 |
|
|
|a 551.96
|b G222c
|
| 100 |
1 |
|
|a Gardiner, John Stanley,
|d 1872-
|
| 245 |
1 |
0 |
|a Coral reefs and atolls ;
|b being a course of lectures delivered at the Lowell institute at Boston February 1930 /
|c by J. Stanley Gardiner...
|
| 264 |
|
1 |
|a London :
|b Macmillan and co., limited,
|c 1931.
|
| 300 |
|
|
|a xiii, 181. 1 unnumbered page :
|b (including frontispiece) 4 folded maps. ;
|c 23 cm.
|
| 336 |
|
|
|a text
|b txt
|2 rdacontent
|
| 337 |
|
|
|a unmediated
|b n
|2 rdamedia
|
| 338 |
|
|
|a volume
|b nc
|2 rdacarrier
|
| 650 |
|
0 |
|a Coral reefs and islands.
|
| 999 |
|
|
|a MARS
|
| 999 |
f |
f |
|s fe8358dc-cdc3-335a-94b6-10dbbde46595
|i 6e98a192-ac29-3611-a5d6-27960d9df29a
|t 0
|
| 952 |
f |
f |
|p ric
|a Texas A&M University
|b Rellis Campus
|c Joint Library Facility
|d Remote Storage
|t 0
|e QE565 .G3
|h Library of Congress classification
|i unmediated -- volume
|m A14800956931
|
| 998 |
f |
f |
|a QE565 .G3
|t 0
|l Remote Storage
|